|
|
|
|
| LEADER |
00000nam0a2200000 4500 |
| 001 |
685744 |
| 005 |
20260416161030.0 |
| 010 |
|
|
|a 978-5-17-176042-7
|
| 090 |
|
|
|a 685744
|
| 100 |
|
|
|a 20260330d2025 m||y0rusy50 ca
|
| 101 |
0 |
|
|a rus
|
| 102 |
|
|
|a RU
|
| 105 |
|
|
|a a z 000ay
|
| 181 |
|
0 |
|a i
|b e
|
| 182 |
|
0 |
|a n
|
| 183 |
|
0 |
|a nc
|2 RDAcarrier
|
| 200 |
1 |
|
|a Святые печенюшки
|e [детектив]
|f Чарльз Ларкин
|
| 203 |
|
|
|a Текст
|b визуальный
|c непосредственный
|
| 210 |
|
|
|a Москва
|c АСТ
|d 2025
|
| 215 |
|
|
|a 222 с.
|c ил.
|
| 225 |
1 |
|
|a Уютные расследования в маленьком городке
|
| 283 |
|
|
|a volume
|2 RDAcarrier
|
| 606 |
|
|
|a Русская литература современная
|9 50316
|
| 610 |
1 |
|
|a художественная литература
|
| 610 |
1 |
|
|a романы
|
| 610 |
1 |
|
|a детективы
|
| 675 |
|
|
|a Р2
|v 4
|
| 700 |
|
1 |
|a Ларкин
|b Ч.
|g Чарльз
|
| 801 |
|
0 |
|a RU
|b 63413507
|c 20260402
|
| 942 |
|
|
|c BK
|